000 00485nam a2200157Ia 4500
999 _c30395
_d30395
003 OSt
005 20211117121848.0
008 190216s9999||||xx |||||||||||||| ||und||
040 _coclc
082 _a894.8121
_bVAL/G
100 _aMenon, Vallathol Narayana
_97417
245 0 _aGandakrithikal /
_cVallathol Narayana Menon
260 _bVallathol Grandhalayam,
_aCheruthuruthi:
_c1965.
650 _aKavitha
942 _cBK
_2ddc
_h894.8121
_iVAL/G
_k894.8121
_mVAL/G